LEADER 02691nam 2200673Ia 450 001 9910451130703321 005 20200520144314.0 010 $a1-280-52960-1 010 $a0-19-535388-9 010 $a1-4294-0448-5 035 $a(CKB)1000000000408776 035 $a(EBL)272735 035 $a(OCoLC)476012348 035 $a(SSID)ssj0000250954 035 $a(PQKBManifestationID)11174274 035 $a(PQKBTitleCode)TC0000250954 035 $a(PQKBWorkID)10245244 035 $a(PQKB)11123787 035 $a(MiAaPQ)EBC272735 035 $a(PPN)236111663 035 $a(Au-PeEL)EBL272735 035 $a(CaPaEBR)ebr10278015 035 $a(CaONFJC)MIL52960 035 $a(OCoLC)466427902 035 $a(EXLCZ)991000000000408776 100 $a19961224d1998 uy 0 101 0 $aeng 135 $aur|n|---||||| 181 $ctxt 182 $cc 183 $acr 200 10$aStates of desire$b[electronic resource] $eWilde, Yeats, Joyce, and the Irish experiment /$fVicki Mahaffey 210 $aNew York $cOxford University Press$d1998 215 $a1 online resource (295 p.) 300 $aDescription based upon print version of record. 311 $a0-19-511592-9 320 $aIncludes bibliographical references (p. 253-260) and index. 327 $aContents; Abbreviations; 1. Introduction: Reading and ""Irish"" Desire; 2. Wilde's Desire: A Study in Green; 3. ""Horrible Splendour of Desire"": The Will of W.B.Yeats; 4. Joyful Desire: Giacomo Joyce and Finnegans Wake; 5. Conclusion; Notes; Selected Bibliography; Index 330 $aThis study shows how the writings of Wilde, Yeats, and Joyce are politically subversive in the most local and dangerous sense of the term: they aim to take apart the assumptions and verbal practices that make dominance possible. 606 $aEnglish literature$xIrish authors$xHistory and criticism 606 $aEnglish literature$y19th century$xHistory and criticism 606 $aEnglish literature$y20th century$xHistory and criticism 606 $aNational characteristics, Irish, in literature 607 $aIreland$xIn literature 608 $aElectronic books. 615 0$aEnglish literature$xIrish authors$xHistory and criticism. 615 0$aEnglish literature$xHistory and criticism. 615 0$aEnglish literature$xHistory and criticism. 615 0$aNational characteristics, Irish, in literature. 676 $a820.99415 676 $a820.9941509041 700 $aMahaffey$b Vicki$0533590 801 0$bMiAaPQ 801 1$bMiAaPQ 801 2$bMiAaPQ 906 $aBOOK 912 $a9910451130703321 996 $aStates of desire$9915936 997 $aUNINA LEADER 01479nam0 22002771i 450 001 UON00080075 005 20231205102425.736 100 $a20020107d1604 |0itac50 ba 101 $alat 102 $aIT 105 $a|||| ||||| 200 1 $aIoannis Pierii Valeriani Bellunensis, hierogliphica, seu de sacris Aegyptiorum, aliarumque gentium literis commentarii$eSumma cum industria exarati, & in libros quinquaginta octo redacti$equibus etiam duo alij ab eruditissimo viro sunt annexi$ecum indice gemino 210 $aVenetiis$capud Io. Antonium, & Iacobum de Franciscis$d1604 215 $a[60], 654, 47 p.$d33 cm 316 $a*escluso dal prestito. - data inesatta$5IT-UONSI EGIa/054 rari 606 $aSCRITTURA EGIZIANA ANTICA$xGeroglifico$xInterpretazione simbolica$3UONC024413$2FI 620 $aIT$dVenezia$3UONL000039 676 $a493.1$cLINGUA EGIZIANA ANTICA$v21 700 0$aIOANNES Pierius Valerianus$3UONV052642$0290342 712 $ade Franciscis$3UONV258850$4650 801 $aIT$bSOL$c20240220$gRICA 899 $aSIBA - SISTEMA BIBLIOTECARIO DI ATENEO$2UONSI 912 $aUON00080075 950 $aSIBA - SISTEMA BIBLIOTECARIO DI ATENEO$dSI EG I a 054 rari $eSI MR 18232 7 054 rari *escluso dal prestito. - data inesatta 996 $aIoannis Pierii Valeriani Bellunensis, hierogliphica, seu de sacris Aegyptiorum, aliarumque gentium literis commentarii$91301745 997 $aUNIOR